| 000 | 01169 a2200169 4500 | ||
|---|---|---|---|
| 001 | 122626 | ||
| 020 | _a978-8589617437 | ||
| 040 | _cEscola Canadense de Niteroi | ||
| 090 | _aBAR | ||
| 100 | _aBarros, Deborah | ||
| 245 | 1 | 0 | _aDeu Bicho nas Cantigas |
| 260 | _aRio de Janeiro | ||
| 300 | _c4 x 15.8 x 0.8 cm - 32 p. | ||
| 362 | 0 | _a2011 | |
| 520 | _aEste livro nasceu em uma sala de aula. Cenário onde a fonoaudióloga e educadora Deborah Barros realiza anualmente o feito de ensinar aos seus alunos do ciclo de Educação Infantil do Colégio Cruzeiro tudo sobre os animais. Na busca por um aprendizado mais lúdico e divertido, Deborah teve a idéia de musicar o conteúdo das pesquisas dos pequenos. Para tanto, utilizou as melodias das cantigas infantis que eles sabiam de cór! O sucesso foi tão grande, que as cantigas ultrapassaram os muros da escola, ganharam o mundo e agora chegam às páginas do livro. Desejo que esse livro seja apenas o ponto de partida para uma conversa, uma aula, uma visita ao zoológico... E assim, enriquecer o repertório de conhecimentos desses miúdos, que cada vez mais tem sede de saber”, diz a Deborah. | ||
| 942 | _cBK | ||
| 999 |
_c122626 _d122626 |
||